[Event "Malatya Golden Apricot op 4th"]
[Site "Malatya"]
[Date "2016.08.22"]
[Round "2"]
[White "Sadikhov, Ulvi Ramil Oglu"]
[Black "Bozkaya, Aziz"]
[Result "1-0"]
[WhiteElo "2374"]
[BlackElo "1897"]
[PlyCount "77"]
[EventDate "2016.08.21"]
[EventType "swiss"]
[EventRounds "9"]
[EventCountry "TUR"]
[SourceTitle "CBM 174 Extra"]
[Source "ChessBase"]
[SourceDate "2016.10.10"]
[SourceVersion "1"]
[SourceVersionDate "2016.10.10"]
[SourceQuality "1"]

1. e4 e5 2. Nf3 Nc6 3. Bb5 a6 4. Ba4 Nf6 5. d3 Bc5 6. c3 b5 7. Bb3 d6 8. Nbd2 0-0 9. h3 Be6 10. Qe2 Bxb3 11. axb3 Ne7 12. Nf1 Ng6 13. Ng3 Nf4 14. Bxf4 exf4 15. Nf5 g6 16. N5d4 Bxd4 17. cxd4 Nh5 18. d5 f5 19. 0-0 fxe4 20. dxe4 Qe7 21. Nd4 Qe5 22. Qd3 f3 23. Nxf3 Qxb2 24. g3 Rf7 25. Rab1 Qf6 26. Nd4 Ng7 27. f4 Re7 28. Nc6 Ree8 29. Rbe1 Nh5 30. Kh2 Qf7 31. e5 Ng7 32. g4 h5 33. gxh5 gxh5 34. f5 dxe5 35. f6 e4 36. Qd4 e3 37. Rg1 Qd7 38. Rxg7+ Qxg7 39. fxg7 1-0